[Event "4NCL/Div3/SCS vs. NKN1"]
[Site "West Bromwich ENG"]
[Date "2002.11.10"]
[Round "2.5"]
[White "Habibi, Amir"]
[Black "Gandy, Andrew"]
[Result "1/2-1/2"]
[WhiteElo "2053"]
[BlackElo "2097"]
[PlyCount "75"]
[EventDate "2002.11.10"]

1. e4 c5 2. Nf3 Nc6 3. d4 cxd4 4. Nxd4 Nf6 5. Nc3 e5 6. Ndb5 d6 7. Bg5 a6 8.
Na3 b5 9. Nd5 Be7 10. Bxf6 Bxf6 11. c3 Bg5 12. Nc2 Rb8 13. Be2 O-O 14. Bg4 Be6
15. O-O Ne7 16. Nxe7+ Qxe7 17. Nb4 Ra8 18. Nd5 Qb7 19. Re1 Bxd5 20. Qxd5 Qxd5
21. exd5 f5 22. Be2 Rfc8 23. a4 b4 24. c4 a5 25. b3 Bd2 26. Red1 Bc3 27. Rac1
Bd4 28. g3 g5 29. Kg2 Bc5 30. f3 h5 31. Bd3 Rf8 32. Rf1 Kg7 33. Rce1 Rae8 34.
Bc2 h4 35. g4 fxg4 36. fxg4 Rxf1 37. Kxf1 Rf8+ 38. Bf5 1/2-1/2

[Event "4NCL/Div3/SCS vs. NKN1"]
[Site "West Bromwich ENG"]
[Date "2002.11.10"]
[Round "2.6"]
[White "Davis, Lee"]
[Black "Bennett, Kyle"]
[Result "1/2-1/2"]
[WhiteElo "2022"]
[BlackElo "1824"]
[PlyCount "84"]
[EventDate "2002.11.10"]

1. d4 Nf6 2. g3 d5 3. Bg2 Bf5 4. c4 e6 5. Nc3 Bb4 6. Bg5 c6 7. Qa4 Bxc3+ 8.
bxc3 O-O 9. Nf3 Nbd7 10. Ne5 Nxe5 11. dxe5 h6 12. exf6 hxg5 13. fxg7 Kxg7 14.
cxd5 cxd5 15. e4 dxe4 16. Bxe4 Bxe4 17. Qxe4 Qf6 18. Rc1 b6 19. Ke2 Rac8 20. h4
Rh8 21. hxg5 Qxg5 22. Rxh8 Rxh8 23. Qe3 Qxe3+ 24. Kxe3 Rd8 25. Rc2 Kf6 26. Rd2
Rxd2 27. Kxd2 Ke5 28. Kd3 b5 29. Ke3 Kd5 30. Kd3 e5 31. f3 f5 32. g4 e4+ 33.
fxe4+ fxe4+ 34. Ke3 Ke5 35. g5 Kf5 36. g6 Kxg6 37. Kxe4 Kf6 38. Kd5 a6 39. Kc5
Ke5 40. Kb6 Kd5 41. Kxa6 Kc5 42. a3 Kc6 1/2-1/2

[Event "4NCL/Div3/SCS vs. NKN1"]
[Site "West Bromwich ENG"]
[Date "2002.11.10"]
[Round "2.7"]
[White "Heaton, Robert"]
[Black "Burenkov, Slava"]
[Result "1-0"]
[WhiteElo "1856"]
[BlackElo "1972"]
[PlyCount "73"]
[EventDate "2002.11.10"]

1. d4 Nf6 2. Bg5 d5 3. e3 e6 4. Bd3 b6 5. c3 Bb7 6. Nd2 Be7 7. Ngf3 Nbd7 8. O-O
O-O 9. Ne5 Ne4 10. Bxe7 Qxe7 11. Nxd7 Qxd7 12. f3 Nxd2 13. Qxd2 c5 14. Qe2 Rac8
15. Kh1 Rc7 16. f4 f5 17. Rg1 c4 18. Bc2 g6 19. g4 Kf7 20. h4 Ke8 21. h5 Qd8
22. gxf5 gxf5 23. Rg5 Qf6 24. Rag1 Bc6 25. Qh2 Qh6 26. Qh4 Rcf7 27. Bd1 a6 28.
Bf3 Ba4 29. Qh2 a5 30. Qg2 Bc6 31. b3 b5 32. bxc4 bxc4 33. Qb2 Rb7 34. Qa3 Rff7
35. Qd6 Bd7 36. Bxd5 exd5 37. Qxh6 1-0

[Event "4NCL/Div3/SCS vs. NKN1"]
[Site "West Bromwich ENG"]
[Date "2002.11.10"]
[Round "2.8"]
[White "Hammond, Rhiannon"]
[Black "Miller, Naomi K"]
[Result "0-1"]
[WhiteElo "1676"]
[BlackElo "1616"]
[PlyCount "54"]
[EventDate "2002.11.10"]

1. e4 c5 2. Nc3 Nc6 3. f4 g6 4. Nf3 Bg7 5. Bc4 e6 6. O-O Nge7 7. Qe1 O-O 8. d3
d5 9. Bb3 a6 10. a3 b5 11. f5 c4 12. Ba2 dxe4 13. dxe4 exf5 14. Qh4 fxe4 15.
Ng5 h5 16. Ncxe4 Nf5 17. Qe1 Ncd4 18. Bb1 Bb7 19. Kh1 Qd5 20. Qf2 Rae8 21. Nc3
Qc6 22. Bf4 Nh4 23. Nge4 Rxe4 24. Nxe4 Qxe4 25. Rg1 Ne2 26. c3 Qxf4 27. Qxf4
Nxf4 0-1

[Event "4NCL/Div3/MIN vs. WRO2"]
[Site "West Bromwich ENG"]
[Date "2002.11.10"]
[Round "2.1"]
[White "Moss, Robin"]
[Black "Burnett, Jim"]
[Result "1/2-1/2"]
[WhiteElo "2271"]
[BlackElo "2187"]
[PlyCount "33"]
[EventDate "2002.11.10"]

1. e4 d5 2. exd5 Qxd5 3. Nc3 Qa5 4. d4 Nf6 5. Bc4 c6 6. Bd2 Bf5 7. Nd5 Qd8 8.
Nxf6+ gxf6 9. c3 Rg8 10. Ne2 e6 11. O-O Bd6 12. Bf4 Bxf4 13. Nxf4 Nd7 14. Bd3
Bxd3 15. Qxd3 f5 16. Rfe1 Qg5 17. Qg3 1/2-1/2

[Event "4NCL/Div3/MIN vs. WRO2"]
[Site "West Bromwich ENG"]
[Date "2002.11.10"]
[Round "2.2"]
[White "van Kemenade, Rudy"]
[Black "Stirling, William J"]
[Result "1-0"]
[WhiteElo "2140"]
[BlackElo "2174"]
[PlyCount "119"]
[EventDate "2002.11.10"]

1. e4 g6 2. d4 Bg7 3. Nc3 d6 4. Nge2 Nf6 5. g3 O-O 6. Bg2 Nbd7 7. h3 c5 8. d5
Rb8 9. a4 b6 10. O-O a6 11. g4 h6 12. Ng3 b5 13. axb5 axb5 14. Qe2 c4 15. f4
Qc7 16. Be3 Nc5 17. Qd2 b4 18. Nce2 Bd7 19. Bd4 b3 20. c3 Nd3 21. Ra7 Rb7 22.
Rxb7 Qxb7 23. Nc1 Nxc1 24. Rxc1 Ra8 25. Be3 Ra2 26. e5 Ne8 27. Ne4 Qc7 28. Rf1
dxe5 29. f5 g5 30. Bc5 Nf6 31. Bxe7 Nxe4 32. Bxe4 Bxf5 33. Rxf5 Qxe7 34. d6
Qa7+ 35. Kg2 Ra1 36. Rf2 Bf6 37. d7 Qb6 38. Qd5 Kg7 39. Qxc4 Rd1 40. Qc6 Qxc6
41. Bxc6 Be7 42. Ba4 f6 43. Bxb3 Rxd7 44. Be6 Rc7 45. Kf3 Bc5 46. Rd2 Kf8 47.
Rd7 Rxd7 48. Bxd7 Ke7 49. Ba4 f5 50. gxf5 Kf6 51. Bc2 h5 52. b4 Bd6 53. Ke4 g4
54. hxg4 hxg4 55. Kd5 Bf8 56. Be4 Bh6 57. b5 Be3 58. c4 Ba7 59. c5 Kg5 60. b6
1-0

[Event "4NCL/Div3/MIN vs. WRO2"]
[Site "West Bromwich ENG"]
[Date "2002.11.10"]
[Round "2.3"]
[White "Parker, Robert"]
[Black "Lim, Chin-Lee"]
[Result "1/2-1/2"]
[WhiteElo "2115"]
[BlackElo "2060"]
[PlyCount "84"]
[EventDate "2002.11.10"]

1. d4 Nf6 2. c4 e6 3. Nc3 d5 4. Bg5 Be7 5. e3 h6 6. Bh4 O-O 7. Nf3 b6 8. Rc1
Bb7 9. cxd5 Nxd5 10. Bxe7 Qxe7 11. Bd3 Rc8 12. O-O Nd7 13. Nxd5 exd5 14. Bf5 g6
15. Bh3 c5 16. Ne5 Bc6 17. Nxc6 Rxc6 18. dxc5 Rxc5 19. Rxc5 Nxc5 20. Qxd5 Rd8
21. Qc6 Rd2 22. b4 Ne4 23. Qc8+ Kh7 24. a3 Nxf2 25. Be6 Rd8 26. Qc4 Qxe6 27.
Qxe6 fxe6 28. Rxf2 {=} Kg7 29. Rc2 Kf6 30. Rc7 a5 31. bxa5 bxa5 32. Ra7 Rd5 33.
Kf2 h5 34. Kf3 g5 35. h3 Rc5 36. g4 h4 37. Ra8 Ke5 38. Ra6 Kd5 39. Rb6 Ke5 40.
Ra6 Rb5 41. a4 Rc5 42. Rb6 Kd5 1/2-1/2

[Event "4NCL/Div3/MIN vs. WRO2"]
[Site "West Bromwich ENG"]
[Date "2002.11.10"]
[Round "2.4"]
[White "Shaw, Peter"]
[Black "Kafka, Graeme"]
[Result "1/2-1/2"]
[WhiteElo "1984"]
[BlackElo "2108"]
[PlyCount "46"]
[EventDate "2002.11.10"]

1. d4 d5 2. Nf3 Nf6 3. e3 Bf5 4. c4 c6 5. Qb3 Qc7 6. cxd5 cxd5 7. Nc3 e6 8. Bd2
a6 9. Rc1 Nc6 10. Ne5 Bd6 11. Na4 O-O 12. Nxc6 bxc6 13. Bb4 Bxb4+ 14. Qxb4 Rab8
15. Qa3 e5 16. dxe5 Qxe5 17. Be2 Rfe8 18. O-O Ng4 19. Bxg4 Bxg4 20. Rxc6 Be2
21. Rfc1 Qg5 22. Kh1 Qf5 23. Kg1 Qg5 1/2-1/2

[Event "4NCL/Div3/MIN vs. WRO2"]
[Site "West Bromwich ENG"]
[Date "2002.11.10"]
[Round "2.5"]
[White "Hawkins, J Nick"]
[Black "Keeling, Geoff"]
[Result "1/2-1/2"]
[WhiteElo "2067"]
[BlackElo "2013"]
[PlyCount "55"]
[EventDate "2002.11.10"]

1. e4 e5 2. Nf3 Nc6 3. Bc4 Bc5 4. c3 Nf6 5. d4 exd4 6. cxd4 Bb4+ 7. Nc3 Nxe4 8.
O-O Bxc3 9. d5 Bf6 10. Re1 Ne7 11. Rxe4 d6 12. Bg5 Bxg5 13. Nxg5 h6 14. Qe2
hxg5 15. Re1 Be6 16. dxe6 f6 17. Re3 Kf8 18. Rh3 Rxh3 19. gxh3 g6 20. Qf3 Kg7
21. Qxb7 Qc8 22. Qe4 Rb8 23. Bb3 Qb7 24. Qd3 Qb5 25. Qd4 Qb4 26. Qd1 Rh8 27.
Re3 c6 28. a3 1/2-1/2

[Event "4NCL/Div3/MIN vs. WRO2"]
[Site "West Bromwich ENG"]
[Date "2002.11.10"]
[Round "2.6"]
[White "Keeling, Karen"]
[Black "Hardman, Michael J"]
[Result "0-1"]
[WhiteElo "1800"]
[BlackElo "2135"]
[PlyCount "66"]
[EventDate "2002.11.10"]

1. c4 d6 2. g3 e5 3. Bg2 Nf6 4. d4 Be7 5. Nf3 Nbd7 6. O-O O-O 7. e3 Re8 8. Nc3
c6 9. b3 e4 10. Nd2 d5 11. f3 Bb4 12. Qc2 exf3 13. Nxf3 Bxc3 14. Qxc3 Ne4 15.
Qc2 Ndf6 16. Ne5 Be6 17. Bb2 Qa5 18. a3 Qd2 19. Qc1 a5 20. Nf3 Qxc1 21. Raxc1
a4 22. bxa4 dxc4 23. a5 Rxa5 24. Ne5 Bd5 25. Rf4 c3 26. Bxc3 Rxa3 27. Be1 Rxe3
28. Bb4 Rb3 29. Be1 Ra8 30. g4 h6 31. Rf1 Ra2 32. h3 Rbb2 33. Bf3 Ng5 0-1

[Event "4NCL/Div3/MIN vs. WRO2"]
[Site "West Bromwich ENG"]
[Date "2002.11.10"]
[Round "2.7"]
[White "Broomfield, Lucy"]
[Black "van Kemenade, Julie"]
[Result "1-0"]
[WhiteElo "2019"]
[BlackElo "1664"]
[PlyCount "54"]
[EventDate "2002.11.10"]

1. e4 d6 2. Nc3 e5 3. Bc4 Nf6 4. h3 Be7 5. Nf3 h6 6. d4 Nbd7 7. O-O O-O 8. Qe2
c6 9. a4 Qc7 10. Rd1 Re8 11. dxe5 dxe5 12. Nh4 Nf8 13. Rd3 Nd5 14. Nxd5 cxd5
15. Bb5 Bxh4 16. Bxe8 d4 17. Rf3 Be6 18. Bb5 a6 19. Bd3 Ng6 20. Bd2 Rb8 21. Rc1
Qb6 22. Bc4 Re8 23. Bxe6 Rxe6 24. Rb3 Qc6 25. a5 Rf6 26. g3 Qe6 27. gxh4 Qxh3
1-0

[Event "4NCL/Div3/SLO2 vs. WES2"]
[Site "West Bromwich ENG"]
[Date "2002.11.10"]
[Round "2.1"]
[White "Redpath, Joe"]
[Black "Rutter, Nicholas"]
[Result "1/2-1/2"]
[WhiteElo "2181"]
[BlackElo "2120"]
[PlyCount "27"]
[EventDate "2002.11.10"]

1. d4 d5 2. Nf3 c6 3. e3 Nf6 4. c4 e6 5. b3 Nbd7 6. Nbd2 Be7 7. Bd3 c5 8. Bb2
b6 9. O-O Bb7 10. Qc2 h6 11. Rad1 Rc8 12. Qb1 Qc7 13. cxd5 Bxd5 14. dxc5
1/2-1/2

[Event "4NCL/Div3/SLO2 vs. WES2"]
[Site "West Bromwich ENG"]
[Date "2002.11.10"]
[Round "2.2"]
[White "Pye, David E"]
[Black "Richmond, Robert J"]
[Result "1/2-1/2"]
[WhiteElo "2080"]
[BlackElo "2219"]
[PlyCount "139"]
[EventDate "2002.11.10"]

1. e4 e5 2. Nf3 d6 3. d4 Nf6 4. Nc3 Nbd7 5. Bc4 Be7 6. dxe5 dxe5 7. O-O O-O 8.
Bg5 c6 9. a4 Qc7 10. Qe2 Nc5 11. Rad1 Be6 12. b4 Bxc4 13. Qxc4 Nxa4 14. Nxa4 b5
15. Qa2 bxa4 16. Bxf6 Bxf6 17. Qxa4 g6 18. Rd3 a5 19. Rc3 Rfc8 20. g3 axb4 21.
Qxb4 Be7 22. Qc4 Rab8 23. Rb3 Qd6 24. Rfb1 Rxb3 25. Rxb3 Ra8 26. Kg2 Ra7 {=}
27. Rd3 Qc7 28. Rc3 Ra3 29. Rxa3 Bxa3 30. Qc3 Bd6 31. Ne1 f5 32. Qc4+ Kg7 33.
Nf3 Qd7 34. h4 f4 35. Ng5 fxg3 36. fxg3 Bb8 37. Qe6 Qxe6 38. Nxe6+ Kf6 39. Nd8
c5 40. Nb7 Ba7 41. Na5 h5 42. Nc4 Bb8 43. Nb6 Bd6 44. Nd5+ Ke6 45. Kf3 Bf8 46.
g4 hxg4+ 47. Kxg4 Bh6 48. h5 gxh5+ 49. Kxh5 Bd2 50. Nb6 Ba5 51. Nc4 Bd8 52. Kg4
Bc7 53. Kf3 Kd7 54. Ke3 Kc6 55. Na3 Bd8 56. Kd3 Bg5 57. Kc4 Bc1 58. Nb1 Be3 59.
Nc3 Bf2 60. Nd1 Bd4 61. c3 Bg1 62. Nb2 Be3 63. Nd3 Kd6 64. Ne1 Kc6 65. Nf3 Bf4
66. Nh4 Bg5 67. Ng6 Bf6 68. Nf8 Kd6 69. Ng6 Kc6 70. Nf8 1/2-1/2

[Event "4NCL/Div3/SLO2 vs. WES2"]
[Site "West Bromwich ENG"]
[Date "2002.11.10"]
[Round "2.3"]
[White "de Coverly, Roger"]
[Black "Gregory, Keith D"]
[Result "1-0"]
[WhiteElo "2113"]
[BlackElo "2032"]
[PlyCount "57"]
[EventDate "2002.11.10"]

1. e4 g6 2. d4 d6 3. Nc3 c6 4. Be3 Bg7 5. Qd2 a5 6. Bd3 a4 7. Nf3 Qa5 8. a3 Bg4
9. Be2 Nd7 10. h3 Bxf3 11. Bxf3 h5 12. O-O-O Ngf6 13. Kb1 Kf8 14. g4 Qc7 15. g5
Ne8 16. Be2 Kg8 17. f4 e6 18. f5 Rh7 19. Bd3 e5 20. Bc4 d5 21. fxg6 fxg6 22.
exd5 Nd6 23. Ba2 c5 24. dxc5 Nxc5 25. Nb5 Qb6 26. Nxd6 Qxd6 27. Bxc5 Qxc5 28.
d6+ Kh8 29. Bf7 1-0

[Event "4NCL/Div3/SLO2 vs. WES2"]
[Site "West Bromwich ENG"]
[Date "2002.11.10"]
[Round "2.4"]
[White "Hopkins, Jamie R"]
[Black "Tarifa, Alket"]
[Result "1/2-1/2"]
[WhiteElo "2032"]
[BlackElo "2159"]
[PlyCount "72"]
[EventDate "2002.11.10"]

1. c4 g6 2. g3 Bg7 3. Bg2 d6 4. Nc3 e5 5. e4 Nc6 6. Nge2 Be6 7. d3 Nd4 8. Nxd4
exd4 9. Ne2 Ne7 10. O-O Qc8 11. b4 O-O 12. Bb2 c5 13. bxc5 dxc5 14. f4 Bd7 15.
Qd2 {=} f5 16. e5 Bc6 17. Bxc6 Nxc6 18. h4 Re8 19. a4 a5 20. Kh2 Bh6 21. Qd1
Nb4 22. Ng1 Qc6 23. Nf3 Bf8 24. Kg2 Rad8 25. Kf2 h5 26. Re1 {=} Be7 27. Re2 b6
28. Re1 Na6 29. Re2 Bf8 30. Qb3 Rd7 31. Rae1 Rde7 32. Bc1 Nb4 33. Rd1 Bg7 34.
Bb2 Na6 35. Rde1 Nc7 36. Bc1 Na6 1/2-1/2

[Event "4NCL/Div3/SLO2 vs. WES2"]
[Site "West Bromwich ENG"]
[Date "2002.11.10"]
[Round "2.5"]
[White "Keevil, Paul"]
[Black "Sigurdsson, Johann H"]
[Result "1/2-1/2"]
[WhiteElo "2132"]
[BlackElo "2032"]
[PlyCount "25"]
[EventDate "2002.11.10"]

1. d4 Nf6 2. Nc3 g6 3. e4 d6 4. Bc4 Bg7 5. Nf3 O-O 6. O-O c6 7. Bf4 b5 8. Bd3
b4 9. Na4 Qa5 10. c3 Bg4 11. Bc2 Nbd7 12. cxb4 Qxb4 13. Bd2 1/2-1/2

[Event "4NCL/Div3/SLO2 vs. WES2"]
[Site "West Bromwich ENG"]
[Date "2002.11.10"]
[Round "2.6"]
[White "Pleasants, Allan J"]
[Black "Armstrong, Malcolm J"]
[Result "1-0"]
[WhiteElo "2000"]
[BlackElo "2151"]
[PlyCount "89"]
[EventDate "2002.11.10"]

1. e4 e5 2. Nc3 Nf6 3. Nf3 d6 4. h3 Be7 5. d4 Nbd7 6. Be3 O-O 7. Be2 c6 8. O-O
Qc7 9. a4 b6 10. Qd2 a6 11. Bg5 Bb7 12. Rad1 b5 13. Qe3 b4 14. Nb1 Rfe8 15.
dxe5 dxe5 16. Nbd2 c5 17. b3 Nf8 18. Bc4 Ng6 19. Bxf6 Bxf6 20. Ng5 Bxg5 21.
Qxg5 Nf4 22. Kh2 h6 23. Qh4 Rad8 24. g3 Ne6 25. Nf3 Rd6 26. Qg4 Red8 27. Rxd6
Qxd6 28. Qf5 g6 29. Qf6 Bxe4 30. Nxe5 Ng5 31. Bxf7+ Kh7 32. Qxd6 Rxd6 33. Bc4
Rd2 34. Bd3 Bxd3 35. cxd3 Nf3+ 36. Nxf3 Rxd3 37. Ne5 Rxb3 38. Rc1 Rb2 39. Kg2
Ra2 40. Rxc5 Rxa4 41. Rc7+ Kg8 42. Nxg6 a5 43. Ne5 Ra1 44. Rb7 Rb1 45. Nc6 1-0

[Event "4NCL/Div3/SLO2 vs. WES2"]
[Site "West Bromwich ENG"]
[Date "2002.11.10"]
[Round "2.7"]
[White "Richardson, Alex"]
[Black "Keddie, Dave A"]
[Result "1-0"]
[WhiteElo "2098"]
[BlackElo "2000"]
[PlyCount "65"]
[EventDate "2002.11.10"]

1. e4 e5 2. Nf3 Nc6 3. d4 exd4 4. Nxd4 Nf6 5. Nxc6 bxc6 6. e5 Qe7 7. Qe2 Nd5 8.
c4 Nb6 9. Nc3 d5 10. exd6 cxd6 11. Bg5 Qxe2+ 12. Bxe2 Be6 13. Bf3 Rc8 14. c5
Nd7 15. cxd6 Bxd6 16. O-O O-O 17. Ne4 Be5 18. Be7 Rfe8 19. Nd6 Bxd6 20. Bxd6
Nf6 21. Bc5 a6 22. Be2 Rb8 23. b4 Ra8 24. a4 Nd5 25. Rfc1 a5 26. b5 cxb5 27.
axb5 Nb4 28. Bd6 Bd5 29. Bf1 Rac8 30. Rxc8 Rxc8 31. Rxa5 Nc2 32. b6 Ba8 33.
Rxa8 1-0

[Event "4NCL/Div3/SLO2 vs. WES2"]
[Site "West Bromwich ENG"]
[Date "2002.11.10"]
[Round "2.8"]
[White "Norman, Dinah"]
[Black "Ball, Yasmin"]
[Result "1-0"]
[WhiteElo "2021"]
[BlackElo "1408"]
[PlyCount "69"]
[EventDate "2002.11.10"]

1. d4 Nf6 2. Nf3 d5 3. e3 Bg4 4. c4 e6 5. Qb3 b6 6. Ne5 Qd6 7. Nc3 Qb4 8. cxd5
Qxb3 9. axb3 Bf5 10. dxe6 Bxe6 11. Bc4 Bxc4 12. bxc4 Bb4 13. Bd2 Bxc3 14. Bxc3
O-O 15. f3 Re8 16. Kf2 Nfd7 17. Nxd7 Nxd7 18. b4 f6 19. b5 Kf7 20. Ra3 Reb8 21.
Rha1 Rb7 22. e4 g5 23. Ke3 Ke6 24. Bb4 h6 25. f4 Kf7 26. f5 h5 27. Bc3 Ke7 28.
e5 Nf8 29. Bb4+ Kf7 30. e6+ Ke8 31. Ke4 Nh7 32. h3 h4 33. d5 Nf8 34. Kf3 Nh7
35. Kg4 1-0

[Event "4NCL/Div3/PPA2 vs. NWE2"]
[Site "West Bromwich ENG"]
[Date "2002.11.10"]
[Round "2.1"]
[White "Rosen, Daniel B"]
[Black "Kennaugh, Charles W"]
[Result "1/2-1/2"]
[WhiteElo "2201"]
[BlackElo "2290"]
[PlyCount "73"]
[EventDate "2002.11.10"]

1. e4 e5 2. Nf3 Nc6 3. Bb5 f5 4. Nc3 Nf6 5. Qe2 Bc5 6. exf5 Qe7 7. O-O O-O 8.
d3 Nd4 9. Nxd4 Bxd4 10. Bc4+ Kh8 11. Ne4 c6 12. c3 Bb6 13. Bb3 d5 14. Ng3 Ng8
15. Qh5 Qf7 16. Qxf7 Rxf7 17. c4 Bxf5 18. Nxf5 Rxf5 19. Be3 d4 20. Bd2 Nf6 21.
Rae1 Nd7 22. f4 Raf8 23. fxe5 Rxf1+ 24. Rxf1 Rxf1+ 25. Kxf1 Nxe5 26. Ke2 h6 27.
Bf4 Ng6 28. Bg3 Bc5 29. Kf3 Be7 30. Ke4 Nh4 31. Bxh4 Bxh4 32. Kxd4 Bf6+ 33. Kc5
Be7+ 34. Kd4 Bf6+ 35. Ke4 Bxb2 36. d4 Kg8 37. d5 1/2-1/2

[Event "4NCL/Div3/PPA2 vs. NWE2"]
[Site "West Bromwich ENG"]
[Date "2002.11.10"]
[Round "2.2"]
[White "Charleshouse, Glenn L"]
[Black "Waddington, Michael P"]
[Result "1-0"]
[WhiteElo "2284"]
[BlackElo "2184"]
[PlyCount "117"]
[EventDate "2002.11.10"]

1. e4 e6 2. d4 d5 3. Nd2 dxe4 4. Nxe4 Bd7 5. Nf3 Bc6 6. Bd3 Nd7 7. O-O Ngf6 8.
Ng3 Be7 9. b3 O-O 10. Bb2 Bxf3 11. Qxf3 c6 12. c4 Qa5 13. a3 Rfe8 14. Rfe1 Qg5
15. Rad1 Rad8 16. b4 Qg4 17. Qxg4 Nxg4 18. Bc2 Ngf6 19. Kf1 Nb6 20. Bb3 Rd7 21.
Bc3 Red8 22. f3 Bd6 23. Ne4 Nxe4 24. fxe4 Bxh2 25. c5 Nc8 26. d5 Ne7 27. dxe6
Rxd1 28. exf7+ Kf8 29. Rxd1 Rxd1+ 30. Bxd1 Kxf7 31. Kf2 Bc7 32. Bb3+ Kf8 33.
Be6 h6 34. Ke3 Bb8 35. a4 Bc7 36. Kd4 Bb8 37. Kc4 Bg3 38. b5 Bc7 39. Kd4 Bd8
40. Kc4 Bc7 41. Ba1 Bf4 42. Bb2 Bg3 43. Bc3 Bc7 44. Kd3 Ng6 45. Ke3 cxb5 46.
axb5 b6 47. Bb4 Ke8 48. c6 Be5 49. Kf3 Ne7 50. Kg4 Kd8 51. Bd5 Ke8 52. Bd2 Kd8
53. Bc1 Kc7 54. Ba3 Kd8 55. Bf7 Bc7 56. Bb2 g6 57. Bf6 g5 58. e5 Bb8 59. Kh5
1-0

[Event "4NCL/Div3/PPA2 vs. NWE2"]
[Site "West Bromwich ENG"]
[Date "2002.11.10"]
[Round "2.3"]
[White "Goodger, Martyn"]
[Black "Lund, D Brett"]
[Result "1/2-1/2"]
[WhiteElo "2133"]
[BlackElo "2255"]
[PlyCount "48"]
[EventDate "2002.11.10"]

1. e4 c5 2. c3 Nf6 3. e5 Nd5 4. Nf3 e6 5. d4 cxd4 6. cxd4 b6 7. Bc4 Bb7 8. O-O
Be7 9. Bxd5 Bxd5 10. Nc3 Bc4 11. Re1 Nc6 12. d5 Bxd5 13. Nxd5 exd5 14. Qxd5 Nb4
15. Qe4 Rc8 16. Rd1 Rc6 17. Bd2 Na6 18. Nd4 Rg6 19. Nf5 Nc5 20. Qc4 O-O 21. Bb4
Re8 22. Nxe7+ Qxe7 23. Bxc5 bxc5 24. Qd5 Qxe5 1/2-1/2

[Event "4NCL/Div3/PPA2 vs. NWE2"]
[Site "West Bromwich ENG"]
[Date "2002.11.10"]
[Round "2.4"]
[White "Hague, Ben"]
[Black "Winfridsson, Ola"]
[Result "1/2-1/2"]
[WhiteElo "2233"]
[BlackElo "2038"]
[PlyCount "42"]
[EventDate "2002.11.10"]

1. e4 c6 2. d4 d5 3. exd5 cxd5 4. c4 Nf6 5. Nc3 e6 6. Nf3 Bb4 7. Bd3 dxc4 8.
Bxc4 O-O 9. O-O Nc6 10. Bg5 Be7 11. Re1 b6 12. a3 Bb7 13. Qd3 a6 14. Rad1 h6
15. Bh4 Nd5 16. Bxe7 Ncxe7 17. Nxd5 Nxd5 18. Ba2 Nf4 19. Qe3 Qf6 20. Bb1 Nh3+
21. Kh1 Nf4 1/2-1/2

[Event "4NCL/Div3/PPA2 vs. NWE2"]
[Site "West Bromwich ENG"]
[Date "2002.11.10"]
[Round "2.5"]
[White "Dignam, Matthew"]
[Black "Hulmes, David I"]
[Result "0-1"]
[WhiteElo "2115"]
[BlackElo "2136"]
[PlyCount "92"]
[EventDate "2002.11.10"]

1. d4 d5 2. c4 e6 3. Nf3 Nf6 4. cxd5 exd5 5. Nc3 c6 6. Bg5 Be7 7. Rc1 Bf5 8.
Qb3 Qb6 9. Nd2 Nbd7 10. e3 O-O 11. Be2 Rfe8 12. O-O Bf8 13. Na4 Qxb3 14. Nxb3
Ne4 15. Bf4 g5 16. Bg3 Nxg3 17. hxg3 Bd6 18. Nac5 Nxc5 19. Nxc5 Re7 20. Bd3
Bxd3 21. Nxd3 f5 22. Rc3 Kg7 23. Nc5 Rf8 24. Rb3 Rff7 25. Rc1 f4 26. gxf4 gxf4
27. exf4 Bxf4 28. Rd1 Bd6 29. Rbd3 Re2 30. R3d2 Rfxf2 31. Rxe2 Rxe2 32. Nxb7
Bg3 33. Nd8 Rc2 34. Rf1 Kg6 35. b3 Bh4 36. Nf7 Bf6 37. Ne5+ Kg7 38. a4 c5 39.
Rd1 Bxe5 40. dxe5 d4 41. b4 cxb4 42. Rxd4 b3 43. Rb4 b2 44. Kh2 Kf7 45. a5 {=}
Ke6 46. Rb5 a6 0-1

[Event "4NCL/Div3/PPA2 vs. NWE2"]
[Site "West Bromwich ENG"]
[Date "2002.11.10"]
[Round "2.6"]
[White "Savory, Richard J"]
[Black "Quintana, Marcos I"]
[Result "1-0"]
[WhiteElo "2099"]
[BlackElo "1864"]
[PlyCount "69"]
[EventDate "2002.11.10"]

1. e4 d6 2. d4 Nf6 3. Nc3 g6 4. Be3 Bg7 5. Qd2 O-O 6. f3 Nbd7 7. O-O-O c6 8. g4
b5 9. Bh6 b4 10. Nce2 Qa5 11. Kb1 c5 12. Nc1 Ba6 13. Bxg7 Kxg7 14. Bxa6 Qxa6
15. dxc5 Nxc5 16. Qxb4 Rab8 17. Qd4 Na4 18. Nb3 Kg8 19. h4 Nd7 20. h5 Ndc5 21.
Qe3 Qc4 22. Ne2 Rfc8 23. Rd2 a5 24. Qh6 Qe6 25. Nf4 Qf6 26. c3 Nxb3 27. axb3
Nxc3+ 28. Ka1 Rxb3 29. hxg6 Rb4 30. gxh7+ Kh8 31. Qxf6+ exf6 32. bxc3 Rxc3 33.
Nd5 Ra4+ 34. Kb2 Rxf3 35. Rc2 1-0

[Event "4NCL/Div3/PPA2 vs. NWE2"]
[Site "West Bromwich ENG"]
[Date "2002.11.10"]
[Round "2.7"]
[White "Retallick, Lloyd"]
[Black "Gillibrand, John"]
[Result "1/2-1/2"]
[WhiteElo "1840"]
[BlackElo "2054"]
[PlyCount "51"]
[EventDate "2002.11.10"]

1. d4 d6 2. c4 e5 3. dxe5 dxe5 4. Qxd8+ Kxd8 5. Nf3 f6 6. Nc3 Be6 7. e4 Nd7 8.
a3 a5 9. b3 c6 10. Be2 Kc7 11. Be3 Bc5 12. O-O Bxe3 13. fxe3 Nh6 14. Nd2 Rhd8
15. b4 Nb6 16. bxa5 Rxa5 17. Nb3 Raa8 18. Nc5 Bf7 19. Rfb1 Ra7 20. Rb4 Nd7 21.
N5a4 Be6 22. h3 Nf7 23. Rd1 Nd6 24. c5 Nf7 25. Rb2 Ra5 26. Rdb1 1/2-1/2

[Event "4NCL/Div3/PPA2 vs. NWE2"]
[Site "West Bromwich ENG"]
[Date "2002.11.10"]
[Round "2.8"]
[White "Bradley, Karen"]
[Black "Vann, Monica"]
[Result "1/2-1/2"]
[WhiteElo "1416"]
[BlackElo "1536"]
[PlyCount "40"]
[EventDate "2002.11.10"]

1. e4 d5 2. exd5 Nf6 3. Nf3 Nxd5 4. d4 Bg4 5. Be2 e6 6. O-O Bd6 7. Re1 O-O 8.
c3 Nd7 9. Nbd2 N7f6 10. Nf1 h6 11. Ne5 Bxe2 12. Qxe2 c5 13. Nf3 Qc7 14. dxc5
Qxc5 15. Be3 Qc7 16. Bd4 Rad8 17. Rad1 Nf4 18. Qb5 a6 19. Qb6 N6d5 20. Qxc7
Bxc7 1/2-1/2

[Event "4NCL/Div3/3CS2 vs. MKE"]
[Site "West Bromwich ENG"]
[Date "2002.11.10"]
[Round "2.1"]
[White "Longson, Alexander"]
[Black "Macdonald-Ross, Michael"]
[Result "1/2-1/2"]
[WhiteElo "2202"]
[BlackElo "2169"]
[PlyCount "74"]
[EventDate "2002.11.10"]

1. d4 d5 2. Nf3 Nf6 3. e3 Nbd7 4. Bd3 c5 5. b3 g6 6. Bb2 Bg7 7. O-O O-O 8. Nbd2
b6 9. c4 Bb7 10. Rc1 cxd4 11. exd4 dxc4 12. bxc4 Nc5 13. Bb1 Nce4 14. Nxe4 Nxe4
15. Qe2 Nf6 16. Rfe1 Re8 17. Bc2 Bxf3 18. Qxf3 Qd7 19. Bb3 Rac8 20. h3 Rc7 21.
d5 Nh5 22. Ba3 Bf8 23. g4 Ng7 24. Rcd1 a5 {=} 25. Qf4 a4 26. Bc2 Rec8 27. c5
bxc5 28. Bxa4 Qd6 29. Qc4 Ra7 30. Bb2 Qa6 31. Bb3 Qxc4 32. Bxc4 Ne8 33. Ra1 Nd6
34. Bf1 Rca8 35. a3 Bg7 36. Bxg7 Kxg7 37. Rec1 Rxa3 1/2-1/2

[Event "4NCL/Div3/3CS2 vs. MKE"]
[Site "West Bromwich ENG"]
[Date "2002.11.10"]
[Round "2.2"]
[White "Freeman, Richard CP"]
[Black "Shaw, David A"]
[Result "0-1"]
[WhiteElo "2066"]
[BlackElo "2196"]
[PlyCount "58"]
[EventDate "2002.11.10"]

1. e4 e6 2. d4 d5 3. e5 c5 4. Nf3 Nc6 5. Bd3 cxd4 6. O-O Qc7 7. Re1 Bd7 8. Bf4
f5 9. Nbd2 Nge7 10. Nb3 Ng6 11. Qc1 Qb6 12. Rd1 Rc8 13. h4 a5 14. a4 Nb4 15.
Nbxd4 Nxd3 16. Rxd3 Nxf4 17. Qxf4 Qxb2 18. Re1 Qb6 19. Nxf5 Rxc2 20. Ng5 Qb4
21. Nxg7+ Bxg7 22. Qf7+ Kd8 23. Red1 Qf8 24. Rf3 Qxf7 25. Nxf7+ Ke7 26. Nxh8
Bxh8 27. Rb3 Bc6 28. f4 Rc4 29. Rdb1 Rxf4 0-1

[Event "4NCL/Div3/3CS2 vs. MKE"]
[Site "West Bromwich ENG"]
[Date "2002.11.10"]
[Round "2.3"]
[White "Walton, Alan J"]
[Black "Elwin, Adrian G"]
[Result "1-0"]
[WhiteElo "2144"]
[BlackElo "2031"]
[PlyCount "65"]
[EventDate "2002.11.10"]

1. d4 d5 2. Bg5 c6 3. e3 Bf5 4. Bd3 Bxd3 5. cxd3 Nd7 6. f4 Qb6 7. Qd2 f6 8. Bh4
e5 9. fxe5 fxe5 10. Nf3 Bd6 11. O-O Ngf6 12. dxe5 Nxe5 13. Nxe5 Bxe5 14. d4 Ne4
15. Qe2 Bf6 16. Nc3 O-O 17. Nxe4 Bxh4 18. Nc5 Be7 19. Ne6 Rf6 20. Rxf6 Bxf6 21.
Rf1 c5 22. Nxc5 Re8 23. Qh5 Rxe3 24. Qxd5+ Kh8 25. Nd7 Qe6 26. Qxe6 Rxe6 27.
Nxf6 gxf6 28. Rd1 Kg7 29. Kf2 Kf7 30. Rd3 Re4 31. Kf3 f5 32. d5 Ke7 33. Re3 1-0